Science Quiz

Random Science or Sporcle Quiz

Most Popular Elements Quiz Stats

 Plays Quiz Updated Sep 4, 2013

Support Sporcle.
Go Orange.
Score 0/30 Timer 05:00
0 Plays Today
% Guessed Element % Correct
92.1Oxygen
97.4%
94.9Hydrogen
97.2%
84.4Gold
93.5%
91.8Helium
92.7%
83.9Silver
91.6%
87.7Carbon
90.1%
84.9Nitrogen
85.5%
78.2Neon
78.6%
77.1Iron
75.1%
75.5Copper
72.2%
79Sodium
71.7%
77.5Potassium
71.7%
76.6Boron
71.3%
77.9Lithium
67.9%
74.8Argon
67.8%
% Guessed Element % Correct
74.7Chlorine
67.4%
75.1Magnesium
66.9%
60.5Tin
65.9%
62.8Lead
64.2%
62.1Uranium
61.2%
70.7Aluminum
60.8%
65.7Xenon
57.8%
69.1Calcium
57.6%
68.6Sulfur
57.4%
62.4Zinc
56.4%
67.4Fluorine
54.2%
60.3Krypton
49.4%
60.9Silicon
47.4%
61.5Phosphorus
45.5%
62.7Beryllium
41%

From the Vault

TV Transportation Workers

by DesertSpartan

These TV characters deliver.
Remove Ads.
Support Sporcle.
Get the best of Sporcle when you Go Orange. This ad-free experience offers more features, more stats, and more fun while also helping to support Sporcle. Thank you for becoming a member.

Show Comments

Extras

Top Quizzes Today


Score Distribution

Your Account Isn't Verified!

In order to create a playlist on Sporcle, you need to verify the email address you used during registration. Go to your Sporcle Settings to finish the process.

Report this User

Report this user for behavior that violates our Community Guidelines.

Details: